| Tag |
First Indicator |
Second Indicator |
Subfields |
| LEADER |
00000cam a2200000 a 4500 |
| 001 |
in00000034031 |
| 005 |
20151007055154.0 |
| 008 |
870622s1987 nyua 00010 eng |
| 010 |
|
|
|a 87045041
|
| 020 |
|
|
|a 0060550597 :
|c $30.00
|
| 020 |
|
|
|a 0060961643 (pbk.) :
|c $15.95
|
| 035 |
|
|
|a (OCoLC)16129563
|
| 035 |
|
|
|9 AAB7469AM
|
| 040 |
|
|
|a DLC
|c DLC
|d TXA
|d UtOrBLW
|
| 043 |
|
|
|a n-us---
|
| 049 |
|
|
|a TXAM
|c [A11646353]
|
| 050 |
0 |
0 |
|a U264
|b .D445 1987
|
| 082 |
0 |
|
|a 355.8/25119/0973
|2 19
|
| 100 |
1 |
|
|a Del Tredici, Robert.
|
| 245 |
1 |
0 |
|a At work in the fields of the bomb /
|c photographs and text by Robert Del Tredici ; introduction by Jonathan Schell.
|
| 250 |
|
|
|a 1st ed.
|
| 264 |
|
1 |
|a New York :
|b Perennial Library,
|c [1987]
|
| 264 |
|
4 |
|c ©1987
|
| 300 |
|
|
|a xi, 192 pages :
|b illustrations ;
|c 29 cm.
|
| 336 |
|
|
|a text
|b txt
|2 rdacontent
|
| 337 |
|
|
|a unmediated
|b n
|2 rdamedia
|
| 338 |
|
|
|a volume
|b nc
|2 rdacarrier
|
| 500 |
|
|
|a Library copy identical to one formerly in the Hazard Reduction and Recovery Center (HRRC) Library.
|
| 650 |
|
0 |
|a Nuclear weapons
|z United States.
|
| 650 |
|
0 |
|a Nuclear weapons
|z United States
|x Pictorial works.
|
| 999 |
|
|
|a MARS
|
| 999 |
f |
f |
|s 51b5b6b1-9b56-3948-b0bc-a133496c11e6
|i 85b9f595-eb7b-319e-9732-597fac1ff129
|t 0
|
| 952 |
f |
f |
|p normal
|a Texas A&M University
|b College Station
|c Sterling C. Evans Library
|d Evans: Library Stacks
|t 0
|e U264 .D445 1987
|h Library of Congress classification
|i unmediated -- volume
|m A14811646353
|
| 998 |
f |
f |
|a U264 .D445 1987
|t 0
|l Evans: Library Stacks
|